Marketing rodinného vinárstva bakalárska práca

Na minha lista:
Detalhes bibliográficos
Autor principal: Tomanová, Hana
Autor Corporativo: Obchodná fakulta EU. Katedra marketingu
Outros Autores: Drábik, Henrich
Formato: Livro
Idioma:eslovaco
Publicado em: Bratislava 2017
Tags: Adicionar Tag
Sem tags, seja o primeiro a adicionar uma tag!

MARC

LEADER 00000nbm a2200000 4500
001 0232748
005 20170920132849.1
041 0 |a slo 
044 |a SK 
245 1 0 |a Marketing rodinného vinárstva  |b bakalárska práca  |c Hana Tomanová ; školiteľ: Henrich Drábik 
264 1 |a Bratislava  |c 2017 
300 |a 49 s. 
100 1 |a Tomanová, Hana 
700 1 |a Drábik, Henrich 
710 2 |a Obchodná fakulta EU. Katedra marketingu